Languages on Google Translate - Statistics

General Stats
  • This quiz has been taken 38 times
  • The average score is 102 of 240
Answer Stats
Year Added Language % Correct
2006 Arabic
97%
2006 English
97%
2006 French
97%
2006 German
93%
2006 Spanish
93%
2006 Swedish
93%
2006 Dutch
90%
2006 Finnish
90%
2006 Hindi
90%
2006 Italian
90%
2006 Japanese
90%
2006 Korean
90%
2006 Polish
90%
2006 Chinese (Simplified)
87%
2007 Chinese (Traditional)
87%
2006 Greek
87%
2006 Hungarian
87%
2009 Irish
87%
2006 Norwegian (Bokmål)
87%
2006 Russian
87%
2008 Serbian
87%
2009 Swahili
87%
In Development Swahili Congo
87%
2008 Bulgarian
83%
2009 Estonian
83%
2006 Icelandic
83%
In Development Kedah Malay
83%
In Development Kelantan-Pattani Malay
83%
2013 Khmer
83%
2008 Latvian
83%
2008 Lithuanian
83%
2009 Malay
83%
2006 Portuguese
83%
2006 Turkish
83%
2006 Vietnamese
83%
2009 Afrikaans
80%
2009 Belarusian
80%
2006 Czech
80%
2006 Danish
80%
2006 Hebrew
80%
2013 Hmong
80%
2012 Lao
80%
2013 Mongolian
80%
2016 Scottish Gaelic
80%
2008 Slovak
80%
2008 Slovene/Slovenian
80%
2006 Thai
80%
2006 Ukrainian
80%
2009 Albanian
77%
2013 Bosnian
77%
2008 Catalan
77%
2006 Croatian
77%
2006 Indonesian
77%
2014 Kazakh
77%
2010 Latin
77%
2009 Persian
77%
2006 Romanian
77%
2010 Armenian
73%
2010 Azerbaijani
73%
2011 Bengali
73%
2008 Filipino (Tagalog)
73%
2010 Georgian
73%
2009 Macedonian
73%
2009 Maltese
73%
2013 Nepali
73%
2016 Pashto
73%
2022 Tagalog
73%
2020 Turkmen
73%
2010 Urdu
73%
2014 Uzbek
73%
2016 Kyrgyz
70%
2014 Tajik
70%
2013 Zulu
70%
2013 Somali
67%
2011 Tamil
67%
2009 Welsh
67%
2014 Burmese
63%
2010 Haitian Creole
63%
2016 Kurdish (Kurmanji)
63%
2022 Kurdish (Sorani)
63%
2013 Māori
63%
2016 Amharic
60%
In Development Berber (Tamazight)
60%
In Development Cantonese
60%
2022 Punjabi
60%
In Development Romansh
60%
2010 Basque
57%
2016 Corsican
57%
In Development Dzongkha
57%
2009 Galician
57%
2011 Gujarati
57%
2013 Javanese
57%
In Development Navajo
57%
2016 Xhosa
57%
In Development Montenegrin
53%
In Development Northern Sámi
53%
2014 Sotho/Sesotho
53%
2022 Southern Quechua
53%
2020 Tatar
53%
2013 Igbo
50%
2020 Kinyarwanda
50%
2016 Luxembourgish
50%
2022 Maldivian/Dhivehi
50%
2016 Samoan
50%
In Development Sicilian
50%
In Development Chechen
47%
2012 Esperanto
47%
2011 Telugu
47%
2022 Tigrinya
47%
2022 Tsonga
47%
2020 Uyghur
47%
2013 Yoruba
47%
2022 Aymara
43%
2013 Hausa
43%
2016 Hawaiian
43%
In Development Tonga (Chitonga)
43%
2009 Yiddish
43%
In Development Breton
40%
2011 Kannada
40%
In Development Lhasa Tibetan
40%
2014 Malagasy
40%
2013 Marathi
40%
2022 Oromo
40%
2016 Sindhi
40%
2014 Sinhala
40%
2022 Assamese
37%
In Development Balochi (Baluchi)
37%
2013 Cebuano
37%
In Development Greenlandic (Kalaallisut)
37%
2014 Sundanese
37%
2016 West Frisian
37%
In Development Kashmiri
33%
2016 Shona
33%
In Development Tswana (Setswana)
33%
In Development Afar
30%
In Development Aragonese
30%
2014 Chewa/Chichewa
30%
In Development Fula (Fulfulde)
30%
2022 Guarani
30%
2020 Odia (Oriya)
30%
In Development Southern Ndebele
30%
In Development Tok Pisin
30%
In Development Tswa
30%
In Development Venda (Tshivenda)
30%
In Development Wolof
30%
In Development Yucatec Maya (Yucateco)
30%
In Development Bashkir
27%
2022 Bhojpuri
27%
In Development Cherokee
27%
2022 Dhivehi/Divehi
27%
2022 Konkani
27%
2022 Lingala
27%
2022 Northern Sotho/Sepedi
27%
In Development Occitan
27%
2022 Akan
23%
2022 Ewe
23%
2022 Ilocano
23%
2022 Bambara
20%
In Development Chuvash
20%
In Development Inuktitut
20%
2022 Krio
20%
2022 Maithili
20%
2022 Meitei/Meiteilon (Manipuri)
20%
In Development Avar (Avaric)
17%
Petition Cree
17%
In Development Karakalpak (Kara-Kalpak)
17%
2022 Luganda
17%
2022 Mizo
17%
In Development Sango
17%
In Development Yakut
17%
In Development Acehnese (Achinese)
13%
In Development Gagauz
13%
In Development Lakota
13%
In Development Magahi
13%
In Development Saraiki
13%
In Development Zhuang
13%
In Development Chittagonian
10%
2022 Dogri
10%
In Development Hiligaynon
10%
In Development Kikuyu
10%
In Development Madurese
10%
In Development Rajasthani
10%
In Development Rohingya
10%
In Development Sylheti
10%
In Development Tuvan/Tuvinian
10%
2022 Twi
10%
In Development Betawi
7%
In Development Chhattisgarhi
7%
In Development Dyula
7%
In Development Fon
7%
In Development Kanuri
7%
In Development Khorasani Turkic
7%
In Development Kokborok (Tripuri)
7%
In Development Kumyk
7%
In Development Marwari
7%
In Development Minangkabau
7%
In Development Mooré (Mossi)
7%
In Development Nagpuri (Sadri)
7%
In Development Nigerian Pidgin
7%
In Development Qashqai
7%
In Development Santali
7%
In Development Southern Altai
7%
In Development Tiv
7%
In Development Toba Batak/Batak Toba
7%
In Development Urum
7%
In Development Baoulé
3%
In Development Boro (Bodo)
3%
In Development Deccani
3%
In Development Garhwali
3%
2022 Goan Konkani
3%
In Development Kapampagan (Pampaga)
3%
In Development Mazanderani
3%
2022 Nyanja
3%
In Development Zazaki
3%
In Development Adyghe (Western Circassian)
0%
In Development Bagheli
0%
In Development Bangala
0%
In Development Dholuo
0%
In Development Edo
0%
In Development Efik
0%
In Development Esan
0%
In Development Haryanvi
0%
In Development Isoko
0%
In Development Kamba
0%
In Development Karachay-Balkar
0%
In Development Khakas
0%
In Development Khandeshi (Ahirani)
0%
In Development K’iche’
0%
In Development Luba-Kasai (Tshiluba)
0%
In Development Luba-Katanga (Luba)
0%
In Development Newar/Nepalbhasa
0%
In Development Rangpuri (Kamtapuri)
0%
In Development Salar
0%
In Development Samogitian
0%
In Development Serrano
0%
In Development Shor
0%
In Development Siberian Tatar
0%
In Development Surjapuri
0%
In Development Urhobo
0%
In Development Varhadi-Nagpuri
0%
No matching quizzes found
Score Distribution
Percent of People with Each Score
Percentile by Number Answered
Your Score History
You have not taken this quiz